000 00674nam a22002177a 4500
003 OSt
005 20140310181919.0
008 130717t xxu||||| |||| 00| 0 eng d
020 _a0439567289
050 _aLB 1025.3
_b.Sh528 2005
082 _aTR 371.100973
_bSh1 2005
100 _aShalaway, Linda
_930
245 _aLearning to teach...not just for beginners :
_bThe essential guide for all teachers /
_cLinda Shalaway
260 _aNew York :
_bScholastic,
_cc2005.
300 _a352 p. :
_bill. ;
_c28 cm.
521 _aFaculty
541 _j1
562 _e1
650 _aTeaching
_xVocational guidance
_xUnited States.
_91351
942 _2lcc
_cBK-TR
_kTR
999 _c6882
_d6882